| 000 | 00359nam a2200121Ia 4500 | ||
|---|---|---|---|
| 008 | 231129s9999||||xx |||||||||||||| ||spa|| | ||
| 020 | _a84-320-7857-3 | ||
| 082 | _a332.15494 F174c | ||
| 100 | _aFaith Nicholas | ||
| 245 | 0 | _aCuentas cifradas : El misterioso mundo de la banca suiza | |
| 264 | _aPlaneta | ||
| 942 |
_2ddc _cBKS |
||
| 999 |
_c8416 _d8416 |
||